| 000 | 00519nam a2200181 4500 | ||
|---|---|---|---|
| 005 | 20260424165318.0 | ||
| 008 | 260424b |||||||| |||| 00| 0 eng d | ||
| 020 |
_a978170127494 _qhbk |
||
| 041 | _aeng. | ||
| 082 | _a348.5404605 SUR | ||
| 100 | _aMalik, Surendra | ||
| 245 |
_aSupreme court yearly digest 2006 _c/Surendra Malik, Sumeet Malik |
||
| 250 | _a1st ed. reprinted | ||
| 260 |
_aLucknow: _bEBC publishers, _c2007. |
||
| 300 |
_a3686 p. _c;25 cm. |
||
| 650 | _aLaws, regulations, cases | ||
| 942 | _cENGLISH | ||
| 999 |
_c619917 _d619917 |
||